Naī nārī. (Record no. 67208)

MARC details
000 -LEADER
fixed length control field 00625cam a22002291 4500
001 - CONTROL NUMBER
control field sa 66000377
003 - CONTROL NUMBER IDENTIFIER
control field DLC
005 - DATE AND TIME OF LATEST TRANSACTION
control field 20260227112214.0
008 - FIXED-LENGTH DATA ELEMENTS--GENERAL INFORMATION
fixed length control field 890905s1964 ii 000 0 hino
010 ## - LIBRARY OF CONGRESS CONTROL NUMBER
LC control number sa 66000377
035 ## - SYSTEM CONTROL NUMBER
System control number (OCoLC)20302450
040 ## - CATALOGING SOURCE
Original cataloging agency DLC
Transcribing agency WaU
Modifying agency TxU
-- DLC
042 ## - AUTHENTICATION CODE
Authentication code premarc
050 00 - LIBRARY OF CONGRESS CALL NUMBER
Classification number HQ1154
Item number .S5
100 0# - MAIN ENTRY--PERSONAL NAME
Personal name Rāmavr̥ksha Benīpurī,
Dates associated with a name 1899-1968.
245 10 - TITLE STATEMENT
Title Naī nārī.
260 ## - PUBLICATION, DISTRIBUTION, ETC.
Place of publication, distribution, etc. Mujapparapur :
Name of publisher, distributor, etc. Venīpurī Prakāshan,
Date of publication, distribution, etc. 1964.
300 ## - PHYSICAL DESCRIPTION
Extent 95 p.
Dimensions 19 cm.
500 ## - GENERAL NOTE
General note In Hindi.
650 #0 - SUBJECT ADDED ENTRY--TOPICAL TERM
Topical term or geographic name entry element Women
General subdivision Social and moral questions.
650 #0 - SUBJECT ADDED ENTRY--TOPICAL TERM
Topical term or geographic name entry element Women
General subdivision Social problems
Geographic subdivision India.

No items available.

Powered by Koha